| 000 | 00527pab a2200193 454500 | ||
|---|---|---|---|
| 008 | 180718b2013 xxu||||| |||| 00| 0 eng d | ||
| 100 | _aPrakash, N. | ||
| 245 | _aService quality and loyalty in Indian mutual fund investments | ||
| 260 | _c2013 | ||
| 300 | _ap.71-76. | ||
| 362 | _aJul-Dec | ||
| 650 | _aInvestment - India | ||
| 650 | _aFinancial markets - India | ||
| 650 | _aFinancial markets | ||
| 700 | _aBalaji, B. | ||
| 773 | _aSouth Asian Journal of Socio-Political Studies | ||
| 908 | _aN | ||
| 909 | _a103038 | ||
| 999 |
_c103035 _d103035 |
||